Elektroalmaznoje šlifovanije instrumentaľnych materialov

Salvato in:
Dettagli Bibliografici
Natura: Libro
Lingua:russo
Pubblicazione: Kijev : Višča škola, 1974
Soggetti:
Tags: Aggiungi Tag
Nessun Tag, puoi essere il primo ad aggiungerne!!

MARC

LEADER 00000nam a22000003a 4500
001 stu84871
005 20141121212025.5
008 040316s1974----xxr-----------------rus-d
040 |a STU  |b slo 
041 0 |a rus 
044 |a xxr 
080 |a 621.923.04 
245 |a Elektroalmaznoje šlifovanije instrumentaľnych materialov 
260 |a Kijev :  |b Višča škola,  |c 1974 
300 |a 118 s 
650 7 |a brúsenie a leštenie  |2 stusub 
996 |b 284J018405  |c J*42459  |l JJSK  |s A  |a 24  |w stu84871_0001